El advenimiento de la modernidad en Costa Rica
Guardado en:
| Hovedforfatter: | |
|---|---|
| Format: | Ukendt |
| Sprog: | Spanish |
| Udgivet: |
San José, Costa Rica
Editorial de la Universidad de Costa Rica
2005
|
| Fag: | |
| Tags: |
Tilføj Tag
Ingen Tags, Vær først til at tagge denne postø!
|
MARC
| LEADER | 000000000a22000000004500 | ||
|---|---|---|---|
| 001 | 001995 | ||
| 008 | 171211b xxu||||| |||| 00| 0 spa d | ||
| 020 | |a 9977679517 | ||
| 041 | 0 | |a spa | |
| 082 | 0 | 4 | |a 306 |b F977a |
| 100 | 1 | |a Fumero Vargas, Ana Patricia | |
| 245 | 1 | 3 | |a El advenimiento de la modernidad en Costa Rica |
| 260 | |a San José, Costa Rica |b Editorial de la Universidad de Costa Rica |c 2005 | ||
| 300 | |a 64 páginas | ||
| 500 | 4 | |a número de inscripción 06129 | |
| 650 | 4 | |a CULTURA | |
| 650 | 4 | |a COSTA RICA | |
| 650 | 4 | |a VIDA SOCIAL Y COSTUMBRES | |
| 650 | 4 | |a 1850-1914 | |
| 650 | 4 | |a IDENTIDAD CULTURAL | |
| 650 | 4 | |a ETNICIDAD | |
| 650 | 4 | |a ACULTURACION | |
| 942 | |2 ddc |c BK | ||
| 999 | |c 2877 |d 2877 | ||



